[Event "Mecklenburg VP-chA"]
[Site "Greifswald"]
[Date "2024.03.23"]
[Round "1"]
[White "Roehl, Rainer"]
[Black "Schmidt, Arne"]
[Result "1/2-1/2"]
[WhiteElo "1994"]
[BlackElo "1864"]
[PlyCount "87"]
[EventDate "2024.03.23"]
[EventType "swiss"]
[EventRounds "7"]
[EventCountry "GER"]
[SourceTitle "CB14_2024"]
[SourceDate "2024.04.01"]
[SourceVersion "1"]
[SourceVersionDate "2024.04.01"]
[SourceQuality "1"]

1. Nf3 Nf6 2. e3 c5 3. c4 g6 4. b3 Bg7 5. Bb2 0-0 6. Be2 Nc6 7. 0-0 d5 8. cxd5 Nxd5 9. Bxg7 Kxg7 10. Qc1 Qd6 11. Nc3 b6 12. Nxd5 Qxd5 13. Qc3+ e5 14. Bb5 f6 15. Bxc6 Qxc6 16. d4 exd4 17. exd4 Bb7 18. dxc5 Qxc5 19. Qxc5 bxc5 20. Rac1 Bxf3 21. gxf3 Rac8 22. Rfd1 Rf7 23. Rd6 c4 24. bxc4 Rfc7 25. Ra6 Rxc4 26. Rxa7+ Kh6 27. Rxc4 Rxc4 28. a4 Kg5 29. a5 Ra4 30. a6 h5 31. Kg2 Kf5 32. Ra8 Ra1 33. h4 g5 34. hxg5 Kxg5 35. a7 Kf5 36. Kg3 Rg1+ 37. Kh2 Ra1 38. Kg2 Ra2 39. Kg3 Ra1 40. Kg2 Ra2 41. Kg3 Ra1 42. Kg2 Ra2 43. Rh8 Rxa7 44. Rxh5+ 1/2-1/2

[Event "Mecklenburg VP VL1819"]
[Site "Mecklenburg VP"]
[Date "2019.04.07"]
[Round "9.7"]
[White "Schmidt, Arne"]
[Black "Zacharias, Uwe"]
[Result "1/2-1/2"]
[WhiteElo "1703"]
[BlackElo "1834"]
[PlyCount "145"]
[EventDate "2018.10.21"]
[EventType "team-tourn"]
[EventRounds "9"]
[EventCountry "GER"]
[SourceTitle "EXT 2022"]
[Source "ChessBase"]
[SourceDate "2021.10.06"]
[SourceVersion "1"]
[SourceVersionDate "2021.10.06"]
[SourceQuality "1"]
[WhiteTeam "Schwerin SF III"]
[BlackTeam "Ludwigslust VT 2000"]
[WhiteTeamCountry "GER"]
[BlackTeamCountry "GER"]

1. Nf3 Nf6 2. g3 g6 3. Bg2 Bg7 4. 0-0 0-0 5. d4 d5 6. c4 Nbd7 7. Nc3 dxc4 8. b3 cxb3 9. Qxb3 Nb6 10. a4 Be6 11. Qc2 Nbd5 12. Ng5 Bc8 13. e3 h6 14. Nge4 Nxe4 15. Nxd5 Qxd5 16. Bxe4 Qd8 17. Ba3 c6 18. a5 a6 19. Qc5 Re8 20. Rad1 e6 21. Bb2 Qe7 22. Qxe7 Rxe7 23. Ba3 Re8 24. f4 Bf8 25. Bxf8 Kxf8 26. Rb1 Ke7 27. Rfc1 Kd6 28. Rc5 Re7 29. Kg2 Kd7 30. h4 h5 31. Bf3 Kd8 32. g4 hxg4 33. Bxg4 Rd7 34. Bf3 Re7 35. Kg3 Re8 36. h5 gxh5 37. Rxh5 Rg8+ 38. Kh4 Ke7 39. Rh7 Kf8 40. Bh5 Rg7 41. Rh6 Rb8 42. Rh8+ Rg8 43. Rxg8+ Kxg8 44. Bf3 Ra8 45. Kg5 Kg7 46. f5 exf5 47. Kf4 Kf6 48. Rh1 Bd7 49. Rb1 Bc8 50. Rb6 Ke7 51. Be2 Ra7 52. Ke5 Be6 53. Bd3 Kd7 54. Bxf5 Bxf5 55. Kxf5 Kc7 56. Kf6 Ra8 57. Kxf7 Rd8 58. Rb4 Rd5 59. Ra4 Kd6 60. e4 Rh5 61. Kg6 Rh4 62. e5+ Ke6 63. Kg5 Rh1 64. Kf4 Rf1+ 65. Ke4 Re1+ 66. Kd3 Kd5 67. Rb4 c5 68. Rxb7 cxd4 69. Rd7+ Kc5 70. Rd6 Rxe5 71. Rxa6 Re3+ 72. Kd2 Ra3 73. Ra8 1/2-1/2

[Event "GER-ch U25-B"]
[Site "Willingen"]
[Date "2018.05.25"]
[Round "8"]
[White "Schmidt, Arne"]
[Black "Rothenberg, Jannik"]
[Result "0-1"]
[WhiteElo "1727"]
[BlackElo "1834"]
[PlyCount "76"]
[EventDate "2018.05.19"]
[EventType "swiss"]
[EventRounds "9"]
[EventCountry "GER"]
[SourceTitle "CBM 184 Extra"]
[Source "ChessBase"]
[SourceDate "2018.06.28"]
[SourceVersion "1"]
[SourceVersionDate "2018.06.28"]
[SourceQuality "1"]

1. Nf3 d5 2. g3 Bf5 3. Bg2 Nf6 4. 0-0 e6 5. d3 h6 6. Nbd2 Be7 7. Qe1 0-0 8. e4 Bh7 9. Kh1 c5 10. Ng1 Nc6 11. f4 Nd4 12. Qd1 Rc8 13. c3 Nc6 14. g4 dxe4 15. dxe4 Qd3 16. Qf3 Rfd8 17. Re1 Qxf3 18. Bxf3 b5 19. a3 a5 20. Ne2 Nd7 21. a4 b4 22. c4 Nd4 23. Nxd4 cxd4 24. Nb3 Rxc4 25. Nxa5 Rc2 26. Nb3 Nc5 27. Nxc5 Rxc5 28. Rd1 e5 29. f5 Rdc8 30. Be2 Kf8 31. Bd2 Rc2 32. b3 f6 33. Rac1 Bg8 34. Bc4 Rxc1 35. Rxc1 Bxc4 36. bxc4 b3 37. c5 Rxc5 38. Rb1 Rc2 0-1

[Event "GER-ch U25-B"]
[Site "Willingen"]
[Date "2018.05.23"]
[Round "5"]
[White "Reyher, Susan"]
[Black "Schmidt, Arne"]
[Result "0-1"]
[WhiteElo "1614"]
[BlackElo "1727"]
[PlyCount "76"]
[EventDate "2018.05.19"]
[EventType "swiss"]
[EventRounds "9"]
[EventCountry "GER"]
[SourceTitle "CBM 184 Extra"]
[Source "ChessBase"]
[SourceDate "2018.06.28"]
[SourceVersion "1"]
[SourceVersionDate "2018.06.28"]
[SourceQuality "1"]

1. e4 c5 2. Nf3 Nc6 3. Nc3 g6 4. d4 cxd4 5. Nxd4 Bg7 6. Be3 d6 7. Bc4 Nf6 8. Bb3 0-0 9. f3 a6 10. Qd2 Qc7 11. 0-0-0 Na5 12. h4 h5 13. Rdg1 Nc4 14. Bxc4 Qxc4 15. g4 hxg4 16. h5 gxh5 17. Bh6 Bxh6 18. Qxh6 Qxd4 19. Qg5+ Kh7 20. Rxh5+ Nxh5 21. Rh1 Qg7 22. Rxh5+ Kg8 23. Qxe7 f6 24. Qxd6 g3 25. Ne2 g2 26. Qh2 Re8 27. Rd5 Be6 28. Rd1 Kf7 29. Rg1 Rg8 30. Qc7+ Ke8 31. Qb6 Bc4 32. Nf4 Qg5 33. Qc7 Rg7 34. Qxc4 Qxf4+ 35. Kb1 Qd6 36. Qe2 Rd8 37. f4 Qd4 38. Qe1 Qd1+ 0-1

[Event "Mecklenburg VP-ch U16"]
[Site "Malchow"]
[Date "2014.02.04"]
[Round "6"]
[White "Schmidt, Arne"]
[Black "Sbach, Lennart"]
[Result "0-1"]
[WhiteElo "976"]
[BlackElo "1275"]
[PlyCount "114"]
[EventDate "2014.02.01"]
[EventType "swiss"]
[EventRounds "7"]
[EventCountry "GER"]
[SourceTitle "EXT 2017"]
[Source "ChessBase"]
[SourceDate "2016.10.25"]
[SourceVersion "1"]
[SourceVersionDate "2016.10.25"]
[SourceQuality "1"]

1. d4 Nf6 2. Nc3 g6 3. e4 d6 4. Nf3 Bg7 5. Bf4 Bg4 6. e5 Nfd7 7. h3 Bxf3 8. Qxf3 Nc6 9. Qe4 dxe5 10. dxe5 Ndxe5 11. Bb5 f5 12. Qe2 Qd4 13. Bxe5 Qxe5 14. Qxe5 Bxe5 15. 0-0-0 Bd6 16. g4 0-0-0 17. Bxc6 bxc6 18. Rhe1 Rhe8 19. f3 e5 20. a3 Re7 21. Re2 Rf8 22. Rf1 fxg4 23. hxg4 Ref7 24. Re3 Rf4 25. Ne4 Rxg4 26. Rd1 Rgf4 27. Nxd6+ cxd6 28. Rxd6 R4f6 29. Rdd3 Rf5 30. b4 h5 31. Rd6 R5f6 32. Rxf6 Rxf6 33. Rxe5 h4 34. Rg5 h3 35. Rg3 h2 36. Rh3 Rxf3 37. Rxh2 Rf8 38. Rh6 Rg8 39. Kb2 Kb7 40. a4 g5 41. Rh1 g4 42. Rg1 g3 43. Kb3 g2 44. c3 Kb6 45. a5+ Kb5 46. c4+ Ka6 47. Ka4 Rg4 48. Ka3 c5 49. Kb3 cxb4 50. Kxb4 Rg5 51. c5 Rg4+ 52. Kc3 Kxa5 53. Kd2 Kb5 54. Ke2 Kxc5 55. Kf2 a5 56. Rxg2 Rxg2+ 57. Kxg2 a4 0-1